000 01253nam a22003257a 4500
005 20240530110410.0
008 150215s2009 ua cboea 001 0 ara d
017 _a22631/2007
_bمصر . دار الكتب المصرية
020 _a9771441663
040 _aEG-CaGPL
041 0 _aara
082 0 4 _221
_a502
_bط/ف ن
100 1 _aفيلان ، جلين
_qجلين فيلان
245 1 0 _aقوة خفية :
_bالسعى لتعريف قوانين الحركة /
_cتاليف جلين فيلان ؛ ترجمة رؤوف وصفى ؛ اشراف داليا محمد ابراهيم
250 _aط1
260 _aالقاهرة :
_bنهضة مصر للطباعة والنشر والتوزيع ،
_c2009
300 _a55 ص :
_bايض ؛
_c28 سم
490 1 _aناشيونال جيوجرافيك : طلب العلم
600 0 4 _aنيوتن
600 0 4 _aجاليليو
600 0 4 _aيوهانس كبلر
650 0 4 _aقانون الحركة
650 0 4 _aعلم الفلك
650 0 4 _aالجاذبية
650 0 4 _aالحركة الميكانيكية
700 0 _aرؤوف وصفى
_eمترجم
700 0 _aداليا محمد ابراهيم
_eمشرف
942 _2ddc
_cBK
999 _c60441
_d60441